| 000 | 01498nam a22003137a 4500 | ||
|---|---|---|---|
| 005 | 20100731110051.0 | ||
| 010 | _aENG-97034 B-423729-730 | ||
| 020 |
_a9788191052473 _c795.00 |
||
| 035 | _aEN-80567 | ||
| 035 | _a B-423729-730 | ||
| 037 | _bDBAD/PUB | ||
| 037 | _bAllied Publishers | ||
| 082 | _a342.2878 | ||
| 100 |
_aBhatt, Savita _932430 |
||
| 245 |
_aWomen and human rights / _cby Savita Bhatt |
||
| 260 |
_aNw Delhi _bAltar Publishing House _c2010 |
||
| 270 |
_aL- 9 A, IInd Floor, Sadatpur Extention _bNew Delhi _e110094 |
||
| 300 |
_aix, 265p. _c22cm (Hb) |
||
| 500 | _aincludes bibliographic and index | ||
| 600 |
_aFeminism _932431 |
||
| 600 |
_aHuman rights _932432 |
||
| 600 |
_aWomen-Legal status, law, etc. _932433 |
||
| 600 |
_aWomens rights _932434 |
||
| 942 |
_2ddc _cEN _h342.2878 _mBHT |
||
| 999 |
_c38361 _d38361 |
||